LEADER 01259nam a2200277 i 4500 001 000000211867 003 CaOOAMICUS 005 20120316000000.0 008 120316s2007 it u000 u ita u 013 $a190688 020 $a88-213-0634-8 040 $aSeMil$bita 100 1 $aSpataro, Roberto.$0(OLS)http://semarc/name/42281 245 13$aIl diacono Rustico e il suo contributo nel dibattito teologico postcalcedonese /$cRoberto Spataro. 260 $aRoma :$bLAS,$c2007. 300 $a326 p. ;$c24 cm. 490 0 $aBiblioteca di scienze religiose ;$v199 650 4$aConcilio di Calcedonia <451> - Interpretazioni.$0(OLS)http://semarc/subject/1233 650 4$aRustico .$0(OLS)http://semarc/subject/39715 830 0$aBiblioteca di scienze religiose ;$v199.$0(OLS)http://semarc/title/239 850 $aSeMil 852 $aSeMil$W1$xVenegono$y1$m2UA C 199$j228616$B162306$CSeMilBibl$Z2$F173564 $81 961 $aSottoscrizione: LAS, Libreria Ateneo Salesiano 996 $6020$a88-213-0634-8$9(OLS)http://semarc/number/207216 996 $6245$aIl diacono Rustico e il suo contributo nel dibattito teologico postcalcedonese$9(OLS)http://semarc/title/305952 996 $6260$aRoma :$bLAS$9(OLS)http://semarc/publisher/29900 LEADER 01031nam a2200241 i 4500 001 000000228976 003 CaOOAMICUS 005 20140422000000.0 008 140422s1875 it u000 u ita u 013 $a207878 040 $aSeMil$bita 100 1 $aMartorelli, Igino <1820-1885>.$0(OLS)http://semarc/name/20100 245 13$aIl fedele in Terra Santa con gli esercizii del cristiano /$cpel canonico Igino Martorelli. 250 $a2. ed. riveduta ed ampliata. 260 $aVercelli :$bStab. tip. e lit. Guidetti,$c1875. 300 $a464 p. ;$c18 cm. 650 4$aLuoghi santi.$0(OLS)http://semarc/subject/7468 650 4$aTerra Santa - Meditazioni.$0(OLS)http://semarc/subject/31951 850 $aSeMil 852 $aSeMil$W1$xVenegono$y1$m2Z I 7 FA$j179322$B179322$CSeMilBibl$Z2$F190426 $8I 961 $aRecupero: Altro 996 $6245$aIl fedele in Terra Santa con gli esercizii del cristiano$9(OLS)http://semarc/title/327650 996 $6260$aVercelli :$bStab. tip. e lit. Guidetti$9(OLS)http://semarc/publisher/53683 LEADER 01695nam a2200289 4500 001 000000346396 003 CaOOAMICUS 005 20210603113221.0 008 210603s1967 it a 000 u ita r 040 $aSeMil$bita 245 03$aIl Vangelo di Gesł :$b[testo dei 4 Vangeli ordinato in una sola narrazione, corredato con 500 grafici e 200 illustrazioni] /$csussidio didattico a cura dei volontari dell'Associazione MIMEP, per la collaborazione di don Paolo Acquistapace, don Angelo Albani, don Massimo Astrua ; sotto la direzione di mons. Enrico Galbiati. 250 $a3. Ed. - 150° migliaio 264 1$aPessano (Milano) :$bMimep,$c1967. 300 $a412 p. :$bill. ;$c18 cm 650 4$aBibbia. Nuovo Testamento. Vangeli - Commentari, studi, critica, interpretazioni.$0(OLS)http://semarc/subject/537 700 1 $aAcquistapace, Paolo,$c.$0(OLS)http://semarc/name/18177 700 1 $aAlbani, Angelo,$c.$0(OLS)http://semarc/name/42771 700 1 $aAstrua, Massimo,$c.$0(OLS)http://semarc/name/39041 700 1 $aGalbiati, Enrico Rodolfo,$c.$0(OLS)http://semarc/name/5351 710 0 $aAssociazione MIMEP .$0(OLS)http://semarc/name/114036 850 $aSeMil 852 $aSeMil$W1$xVenegono$y1$m2VA I 26$j264202$B237467$CSeMilBibl$Z2$F237467 $81 900 1 $aGalbiati, Enrico. 996 $6245$aIl Vangelo di Gesł :$b[testo dei 4 Vangeli ordinato in una sola narrazione, corredato con 500 grafici e 200 illustrazioni]$9(OLS)http://semarc/title/435595 996 $6264$aPessano (Milano) :$bMimep$9(OLS)http://semarc/publisher/44135